01130nas a2200313 4500001001300000003000900013005001700022007000300039008003400042040005400076041000900130072000800139100001700147100001400164100001400178100001800192100001600210100001600226245017300242650001200415650001300427650002600440650001900466773010100485909004000586942001800626999001900644952015300663BR2015001975BR-BrBNA20231205125203.0ta230509b bl.|||p| |||| 00| 00por d aBR-BrBNAbporcBiblioteca Nacional de Agricultura a(En) aF031 aLima, W.A.A.1 aLopes, R.1 aGreen, M.1 aCunha, R.N.V.1 aAbreu, S.C.1 aCysne, A.Q.1 aHeat treatment and germination of seeds of interspecific hybrid between american oil palm (Elaeis oleifera (H.B.K.)Cortes)and African oil palm (Elaeis guineensis Jacq.) aDENDÊ aCAIAUÉ aTRATAMENTO DE SEMENTE aGERMINAÇÃO0 tJournal of Seed Science (Brazil)xISSN 2317-1537 g(Dec 2014), v. 36(4) p. 451-457wBR2015001975 a202311bLúciac55dLúcia Elande 2AGRISn0cANA c243103d243103 002AGRIS4071a41918b41918cPeriódicos Agrícolash(Dec 2014), v. 36(4) p. 451-457l0r2023-11-29t01yCRePortaria Interministerial nº 164/94